000
00319 a2200157 4500
001
173807
020
_a
040
_c
Magnum
100
_a
Trindade, Maria Zelia Damasio
240
1
0
_a
A corrida
_l
por
245
1
0
_a
A corrida
362
0
_a
1899
440
1
_a
Lemi
697
_a
IJ/AVENTURA, CRIANCAS
942
_c
BK
999
_c
173807
_d
173807